00761nam a22002297a 450000500170000001000130001702000210003003500130005103700160006404000120008008200150009210000250010724500460013226000450017827000420022330000330026550000500029865000180034894200240036699900190039095201220040920170124110023.0 aA-596979 c00.00a817024482 aA-596979 bCen Lib/Ret aDPLbEN a581.5bAGA aAgarwal, S.K.915371 aFundamentals of ecology /cby S.K.Agarwal aNew DelhibAshish Publishing Housec1992 a8/81, Punjabi BaghbNew Delhie110026 axvii,442p. :c20cm(Hb)bill. aIncludes bibliographical references and index aEcology.9155 2ddccENh581.5mAGA c127291d127291 00104070aLbLd2015-06-29eCen Lib/Retg0.00l0o581.5 AGApA-596979r2015-06-29 00:00:00t1v0.00w2015-06-29yEN